[Event "21st ch-EUR Indiv 2021"]
[Site "Reykjavik ISL"]
[Date "2021.09.04"]
[Round "10.19"]
[White "Donchenko, Alexander"]
[Black "Petrov, Martin"]
[Result "1-0"]
[WhiteTitle "GM"]
[BlackTitle "IM"]
[WhiteElo "2657"]
[BlackElo "2521"]
[WhiteFideId "24603295"]
[BlackFideId "2911086"]
[EventDate "2021.08.26"]

1. d4 Nf6 2. c4 e6 3. Nc3 Bb4 4. Nf3 b6 5. e3 Bb7 6. Bd3 O-O 7. O-O Bxc3 8. bxc3
Ne4 9. Nd2 f5 10. f3 Nxd2 11. Bxd2 c5 12. e4 fxe4 13. fxe4 Rxf1+ 14. Qxf1 Nc6
15. Qf4 e5 16. Qg3 cxd4 17. cxd4 Nxd4 18. Qxe5 Ne6 19. Be3 Qe7 20. c5 bxc5 21.
Bc4 Kh8 22. Rb1 Bc6 23. Rb8+ Rxb8 24. Qxb8+ Qd8 25. Qxd8+ Nxd8 26. Bxc5 a5 27.
Bb6 Nb7 28. e5 a4 29. Kf2 g6 30. g3 Kg7 31. Ke3 Kf8 32. Kf4 h6 33. a3 Ke7 34.
Bd3 Kf7 35. Bc4+ Ke7 36. Bd3 Kf7 37. Ke3 g5 38. Kd4 Ke7 39. Bc7 Nd8 40. Bxd8+
Kxd8 41. Kc5 Ke7 42. Bb5 Bxb5 43. Kxb5 Ke6 44. Kxa4 Kxe5 45. Kb4 h5 46. a4 Kd6
47. Kb5 Kc7 48. Kc5 h4 49. g4 h3 50. Kd5 1-0

[Event "21st ch-EUR Indiv 2021"]
[Site "Reykjavik ISL"]
[Date "2021.09.04"]
[Round "10.20"]
[White "Plat, Vojtech"]
[Black "Saric, Ivan"]
[Result "1/2-1/2"]
[WhiteTitle "GM"]
[BlackTitle "GM"]
[WhiteElo "2531"]
[BlackElo "2653"]
[WhiteFideId "325740"]
[BlackFideId "14508150"]
[EventDate "2021.08.26"]

1. d4 Nf6 2. Nf3 d5 3. e3 c5 4. c4 cxd4 5. exd4 g6 6. Nc3 Bg7 7. Bg5 Ne4 8. cxd5
Nxg5 9. Nxg5 O-O 10. Nf3 e6 11. Bc4 exd5 12. Bxd5 Re8+ 13. Ne5 Bxe5 14. dxe5
Rxe5+ 15. Be4 Qb6 16. O-O Be6 17. Na4 Qc7 18. Qf3 Nc6 19. Bxc6 Rh5 20. Qg3 Qxc6
21. Nc3 h6 22. Qe3 Qc5 23. Qxc5 Rxc5 24. Rfd1 Rac8 25. Rd4 Kg7 26. f3 a5 27. a3
b5 28. Re1 Rb8 29. Kf2 b4 30. axb4 Rxb4 31. Rd2 a4 32. Re4 Rxe4 33. Nxe4 Rc1 34.
Ng3 Bb3 35. Ne2 Rh1 36. h3 Rb1 37. Nc3 Ra1 38. Rd4 Kf6 39. f4 h5 40. Kg3 Ke6 41.
Kf2 Kf6 42. Kg3 Ke7 43. Kh4 Rg1 44. Kg3 h4+ 45. Kf2 Ra1 46. Re4+ Kd6 47. f5 g5
48. f6 Rc1 49. Nxa4 Rc2+ 50. Kg1 Be6 51. Nc3 Rxb2 52. Re1 Bf5 53. Ne4+ Bxe4 54.
Rxe4 Rc2 55. Re7 Rc7 56. Re4 Rc1+ 57. Kf2 Rc5 58. Kf3 Re5 59. Ra4 Ke6 60. g3
hxg3 61. Kxg3 Re3+ 62. Kg2 Kf5 63. h4 g4 64. Ra5+ Kf4 65. Ra4+ Kf5 66. Ra5+ Re5
67. Rxe5+ Kxe5 68. Kg3 Kf5 69. h5 Kg5 70. h6 Kxh6 71. Kxg4 Kg6 72. Kg3 Kxf6 73.
Kf4 1/2-1/2

[Event "21st ch-EUR Indiv 2021"]
[Site "Reykjavik ISL"]
[Date "2021.09.04"]
[Round "10.21"]
[White "Martirosyan, Haik M."]
[Black "Blohberger, Felix"]
[Result "1-0"]
[WhiteTitle "GM"]
[BlackTitle "IM"]
[WhiteElo "2632"]
[BlackElo "2502"]
[WhiteFideId "13306553"]
[BlackFideId "1632051"]
[EventDate "2021.08.26"]

1. d4 Nf6 2. c4 e6 3. Nf3 d5 4. Nc3 dxc4 5. e4 b5 6. e5 Nd5 7. Nxb5 Nb6 8. Be2
Nc6 9. O-O Be7 10. Nc3 O-O 11. Qd2 Bb7 12. Rd1 Nb4 13. Qf4 f5 14. Qg3 Kh8 15.
Rb1 Qd7 16. h4 Rad8 17. Ng5 Nd3 18. Bxd3 cxd3 19. Rxd3 c5 20. Rd1 Qc6 21. Ne2
Nd5 22. dxc5 f4 23. Bxf4 Bxc5 24. Rdc1 Qb6 25. Rxc5 Qxc5 26. Nxe6 Qe7 27. Nxd8
Qxd8 28. e6 Ne7 29. Bg5 Be4 30. Rc1 h6 31. Bxe7 Qxe7 32. Rc7 Qf6 33. Nc3 Bg6 34.
e7 Re8 35. Rxa7 1-0

[Event "21st ch-EUR Indiv 2021"]
[Site "Reykjavik ISL"]
[Date "2021.09.04"]
[Round "10.23"]
[White "Grigorian, Spartak"]
[Black "Paravyan, David"]
[Result "1/2-1/2"]
[WhiteTitle "IM"]
[BlackTitle "GM"]
[WhiteElo "2448"]
[BlackElo "2631"]
[WhiteFideId "24661490"]
[BlackFideId "4194985"]
[EventDate "2021.08.26"]

1. d4 d5 2. c4 e6 3. Nc3 Nf6 4. Bg5 dxc4 5. e3 a6 6. Qf3 h6 7. Bxf6 Qxf6 8. Bxc4
Nd7 9. Rc1 c5 10. Ne4 Qxf3 11. Nxf3 b5 12. Be2 c4 13. b3 Bb4+ 14. Ned2 cxb3 15.
axb3 Bb7 16. Bd3 g5 17. Ke2 g4 18. Ne1 Nf6 19. h3 gxh3 20. Rxh3 Bd5 21. Nef3 Rd8
22. Rh4 Ke7 23. e4 Bb7 24. Ne5 Rc8 25. Rxc8 Rxc8 26. Rxh6 Rg8 27. g3 Bc3 28. Ke3
Bb2 29. Rh4 Rc8 30. g4 Rd8 31. Ndf3 Bc1+ 32. Ke2 Nxe4 33. Rh7 Nd6 34. g5 Bxf3+
35. Kxf3 Bxg5 36. Nc6+ Kd7 37. Nxd8 Bxd8 38. Be4 Bb6 39. Rh8 Bxd4 40. Ra8 Bxf2
41. Bd3 Bd4 42. b4 Kc6 43. Rxa6+ Bb6 44. Be4+ Kc7 45. Ra1 Bd4 46. Rc1+ Kd7 47.
Rd1 Bb2 48. Bd3 Kc6 49. Rd2 Bg7 50. Rc2+ Kb6 51. Be4 Nc4 52. Bd3 Ne5+ 53. Ke2
Bf8 54. Rc8 Bd6 55. Rh8 Nc6 56. Rh7 f6 57. Rh6 Be7 58. Rh5 f5 59. Rh6 Nd4+ 60.
Ke3 Bg5+ 61. Kxd4 Bxh6 62. Ke5 f4 63. Kxe6 f3 64. Kf5 f2 65. Kg4 Bd2 66. Kf3 Be1
67. Kg2 Kc6 68. Kf1 Bxb4 69. Bxb5+ Kxb5 70. Kxf2 1/2-1/2

[Event "21st ch-EUR Indiv 2021"]
[Site "Reykjavik ISL"]
[Date "2021.09.04"]
[Round "10.24"]
[White "Nguyen, Thai Dai Van"]
[Black "Sebenik, Matej"]
[Result "1/2-1/2"]
[WhiteTitle "GM"]
[BlackTitle "GM"]
[WhiteElo "2588"]
[BlackElo "2492"]
[WhiteFideId "358878"]
[BlackFideId "14602296"]
[EventDate "2021.08.26"]

1. c4 c6 2. d4 d5 3. Nc3 Nf6 4. e3 a6 5. Nf3 b5 6. b3 Bg4 7. a4 bxc4 8. bxc4
Nbd7 9. Be2 dxc4 10. O-O e6 11. Bxc4 Bb4 12. Ne2 O-O 13. Bb2 c5 14. Ng3 cxd4 15.
Qxd4 Bc5 16. Qc3 Qe7 17. Nd4 Rfc8 18. Rfc1 h5 19. h3 h4 20. Nge2 Bh5 21. Qb3 Bg6
22. Nf4 Bh7 23. Ndxe6 Rcb8 24. Nxc5 Rxb3 25. Nxb3 Ne5 26. Nd4 Qb7 27. Ba3 g5 28.
Nfe2 Nxc4 29. Rxc4 Rc8 30. Rxc8+ Qxc8 31. Rc1 Qb7 32. a5 Bd3 33. Nc3 g4 34. hxg4
Nxg4 35. Rd1 Bg6 36. Bd6 Qb2 37. Nde2 Bc2 38. Re1 Bd3 39. Bf4 Bxe2 40. Nxe2 Qd2
41. Kf1 f6 42. e4 Qxa5 43. f3 Ne5 44. Rd1 Qb5 45. Bxe5 fxe5 46. Rd5 Qb1+ 47. Kf2
Qb2 48. f4 Qb6+ 49. Kf3 Qb3+ 50. Kf2 exf4 51. Rg5+ Kf7 52. Rf5+ Ke8 53. Rxf4 a5
54. Rf3 Qb2 55. Re3 a4 56. Kf3 a3 57. Nc3 a2 58. Nxa2 Qxa2 59. e5 Qe6 60. Kf2
Ke7 61. Rh3 Qb6+ 62. Kf1 Qd4 63. e6 Kxe6 64. Rf3 Ke5 65. Rh3 Kf5 66. Rf3+ Kg4
67. Rh3 Qa1+ 68. Kf2 Qd1 69. Rf3 1/2-1/2

[Event "21st ch-EUR Indiv 2021"]
[Site "Reykjavik ISL"]
[Date "2021.09.04"]
[Round "10.25"]
[White "Petkov, Momchil"]
[Black "Thybo, Jesper Sondergaard"]
[Result "0-1"]
[WhiteTitle "IM"]
[BlackTitle "GM"]
[WhiteElo "2443"]
[BlackElo "2587"]
[WhiteFideId "2921642"]
[BlackFideId "1438832"]
[EventDate "2021.08.26"]

1. e4 e5 2. Nf3 Nc6 3. Bc4 Bc5 4. d3 Nf6 5. Bg5 h6 6. Bh4 d6 7. c3 a6 8. Nbd2
Ba7 9. a4 Qe7 10. O-O Bg4 11. Kh1 g5 12. Bg3 h5 13. h4 Nh7 14. b4 Nf8 15. Qb1
gxh4 16. Bxh4 f6 17. b5 Nd8 18. bxa6 bxa6 19. Bxa6 Ng6 20. Bc4 c6 21. a5 Rh7 22.
d4 Ne6 23. Bxe6 Qxe6 24. d5 Qc8 25. dxc6 Bxf3 26. Nxf3 Qg4 27. Nh2 Qxh4 28. Qb5
Rc7 29. Qd5 Ne7 30. Qe6 Rxc6 31. Rab1 d5 0-1

[Event "21st ch-EUR Indiv 2021"]
[Site "Reykjavik ISL"]
[Date "2021.09.04"]
[Round "10.27"]
[White "Kjartansson, Gudmundur"]
[Black "Abasov, Nijat"]
[Result "1/2-1/2"]
[WhiteTitle "GM"]
[BlackTitle "GM"]
[WhiteElo "2470"]
[BlackElo "2656"]
[WhiteFideId "2301318"]
[BlackFideId "13402960"]
[EventDate "2021.08.26"]

1. d4 Nf6 2. c4 e6 3. Nf3 d5 4. g3 Bb4+ 5. Bd2 Be7 6. Bg2 O-O 7. O-O c6 8. Qc2
a5 9. b3 b5 10. Bf4 Nh5 11. Bc1 Ba6 12. Nbd2 Nf6 13. Ne5 Nfd7 14. Nd3 Ra7 15. c5
Bf6 16. Bb2 b4 17. Rab1 Bxd3 18. Qxd3 e5 19. e4 exd4 20. Bxd4 Bxd4 21. Qxd4 Qf6
22. Qxf6 Nxf6 23. Rfd1 g6 24. exd5 cxd5 25. Nf1 Rc7 26. Ne3 Rxc5 27. Nxd5 Kg7
28. Nxf6 Kxf6 29. a3 bxa3 30. Ra1 Ke7 31. Rxa3 Rd8 32. Re1+ Kf6 33. Rea1 Rd3 34.
Rxa5 Rxa5 35. Rxa5 Rxb3 36. Bd5 Rd3 37. Kg2 Nd7 38. Ba2 Nf8 39. Ra6+ Ne6 40.
Bxe6 fxe6 1/2-1/2

[Event "21st ch-EUR Indiv 2021"]
[Site "Reykjavik ISL"]
[Date "2021.09.04"]
[Round "10.28"]
[White "Ter-Sahakyan, Samvel"]
[Black "Loiseau, Quentin"]
[Result "1/2-1/2"]
[WhiteTitle "GM"]
[BlackTitle "IM"]
[WhiteElo "2624"]
[BlackElo "2466"]
[WhiteFideId "13302531"]
[BlackFideId "665274"]
[EventDate "2021.08.26"]

1. e4 c5 2. Nf3 Nc6 3. d4 cxd4 4. Nxd4 Nf6 5. Nc3 e5 6. Ndb5 d6 7. Nd5 Nxd5 8.
exd5 Ne7 9. c4 Ng6 10. Qa4 Bd7 11. Qb4 Bf5 12. Be3 a6 13. Nc3 Be7 14. Qxb7 O-O
15. Qb3 Rb8 16. Qa3 Bg5 17. O-O-O Bxe3+ 18. fxe3 Qb6 19. c5 dxc5 20. Rd2 Qb4 21.
e4 Bd7 22. Qxb4 cxb4 23. Nd1 Rfc8+ 24. Kb1 a5 25. Ne3 Rc5 26. Bc4 Rbc8 27. b3
Kf8 28. Rc1 Ke7 29. Kb2 f6 30. Ra1 Nh8 31. Nf5+ Kf8 32. Nd6 Rb8 33. Bd3 Nf7 34.
Nxf7 Kxf7 35. Bc4 Bb5 36. Rc1 Ke7 37. Bxb5 Rbxb5 38. Rc4 Kd6 39. Rdc2 h5 40. g3
g6 41. Rf2 f5 42. exf5 gxf5 43. Rxf5 Kxd5 44. Rh4 Rb7 45. Rf2 Rh7 46. a3 bxa3+
47. Kxa3 Rc3 48. Rd2+ Ke6 49. Ka4 Rb7 50. Rb2 1/2-1/2

[Event "21st ch-EUR Indiv 2021"]
[Site "Reykjavik ISL"]
[Date "2021.09.04"]
[Round "10.29"]
[White "Gajewski, Grzegorz"]
[Black "Vrolijk, Liam"]
[Result "1/2-1/2"]
[WhiteTitle "GM"]
[BlackTitle "IM"]
[WhiteElo "2617"]
[BlackElo "2480"]
[WhiteFideId "1116207"]
[BlackFideId "1048333"]
[EventDate "2021.08.26"]

1. c4 e5 2. Nc3 Nf6 3. e3 Nc6 4. Nf3 Bb4 5. Qc2 Bxc3 6. bxc3 O-O 7. e4 d6 8. Be2
Nh5 9. d4 f5 10. exf5 Bxf5 11. Qd1 Qf6 12. O-O Rae8 13. Nxe5 dxe5 14. Bxh5 g6
15. Bf3 exd4 16. Bh6 Rf7 17. Bxc6 Qxc6 18. Qxd4 Rd7 19. Qxa7 b6 20. Qa6 Bd3 21.
Rfe1 Ra8 22. Qb5 Qxb5 23. cxb5 Bxb5 24. h4 Kf7 25. Re4 Ra4 26. Re5 Bc6 27. Bg5
Rg4 28. Rae1 Bxg2 29. Re7+ Rxe7 30. Rxe7+ Kg8 31. Rxc7 Bd5+ 32. Kf1 Bxa2 33. Ke2
b5 34. f3 Rc4 35. Ra7 Ra4 36. Rb7 Bd5 37. Rd7 Bc6 38. Rc7 Rc4 39. Kd2 1/2-1/2

[Event "21st ch-EUR Indiv 2021"]
[Site "Reykjavik ISL"]
[Date "2021.09.04"]
[Round "10.30"]
[White "Bartel, Mateusz"]
[Black "Juksta, Karolis"]
[Result "1-0"]
[WhiteTitle "GM"]
[BlackTitle "FM"]
[WhiteElo "2611"]
[BlackElo "2438"]
[WhiteFideId "1112635"]
[BlackFideId "12809039"]
[EventDate "2021.08.26"]

1. c4 e5 2. Nc3 Bb4 3. Nd5 Bc5 4. e3 Nf6 5. b4 Nxd5 6. bxc5 Nf6 7. d4 exd4 8.
exd4 O-O 9. Bd3 b6 10. Ne2 bxc5 11. dxc5 Nc6 12. O-O Re8 13. Nc3 Ne5 14. Bg5 Bb7
15. Bxh7+ Kxh7 16. Qb1+ Kg8 17. Qxb7 Rb8 18. Qxa7 Nc6 19. Qa3 Re5 20. h4 Nd4 21.
Rad1 Ne6 22. Rfe1 Rxe1+ 23. Rxe1 Ra8 24. Qb4 Nxg5 25. hxg5 Nh5 26. Nd5 Qxg5 27.
Qb7 Rxa2 28. Qb8+ 1-0

[Event "21st ch-EUR Indiv 2021"]
[Site "Reykjavik ISL"]
[Date "2021.09.04"]
[Round "10.32"]
[White "Saraci, Nderim"]
[Black "Parligras, Mircea-Emilian"]
[Result "1/2-1/2"]
[WhiteTitle "IM"]
[BlackTitle "GM"]
[WhiteElo "2455"]
[BlackElo "2591"]
[WhiteFideId "6351921"]
[BlackFideId "1204297"]
[EventDate "2021.08.26"]

1. d4 Nf6 2. Nf3 e6 3. c4 c5 4. Nc3 cxd4 5. Nxd4 d5 6. cxd5 Nxd5 7. Bd2 Be7 8.
e3 O-O 9. Bc4 Nf6 10. Qc2 Bd7 11. O-O Nc6 12. Rad1 Nxd4 13. exd4 Rc8 14. Qb3 Qc7
15. Bb5 Bxb5 16. Qxb5 Rfd8 17. Rc1 a6 18. Qb3 Qb8 19. Ne2 Nd5 20. g3 Bf6 21. a4
b6 22. Rxc8 Rxc8 23. Rc1 Rxc1+ 24. Bxc1 Qc8 25. Qd3 h6 26. Bd2 Qb7 27. b3 b5 28.
axb5 axb5 29. Nc3 Nxc3 30. Qxc3 Qe4 31. Be3 h5 32. h4 Qb1+ 33. Kg2 Qd1 34. b4 g6
35. Qc8+ Kg7 36. Qc5 Qd3 37. Kg1 Qf5 38. Bg5 Qd5 39. Bxf6+ Kxf6 40. Kf1 Kg7 41.
Ke2 Kf6 42. Ke3 Qb3+ 43. Kf4 Qd3 44. Qe5+ Ke7 45. Qc5+ Kf6 46. Qe5+ Ke7 47. Qc5+ 1/2-1/2

[Event "21st ch-EUR Indiv 2021"]
[Site "Reykjavik ISL"]
[Date "2021.09.05"]
[Round "11.3"]
[White "Mamedov, Rauf"]
[Black "Sarana, Alexey"]
[Result "1/2-1/2"]
[WhiteTitle "GM"]
[BlackTitle "GM"]
[WhiteElo "2654"]
[BlackElo "2643"]
[WhiteFideId "13401653"]
[BlackFideId "24133795"]
[EventDate "2021.08.26"]

1. e4 c5 2. Nf3 d6 3. d4 cxd4 4. Nxd4 Nf6 5. Nc3 a6 6. Bg5 e6 7. f4 Qb6 8. Qd3
Qxb2 9. Rb1 Qa3 10. f5 Be7 11. fxe6 fxe6 12. Be2 Qa5 13. Bd2 Qc7 14. g4 h6 15.
Qh3 O-O 16. g5 hxg5 17. Nxe6 Qc6 18. O-O d5 19. exd5 Nxd5 20. Nxd5 Qxd5 21. Bd3
Bc5+ 22. Be3 Bxe3+ 23. Qxe3 Rxf1+ 24. Rxf1 Qxe6 25. Bc4 Qxc4 26. Qe8+ Kh7 1/2-1/2

[Event "21st ch-EUR Indiv 2021"]
[Site "Reykjavik ISL"]
[Date "2021.09.05"]
[Round "11.4"]
[White "Antipov, Mikhail Al."]
[Black "Navara, David"]
[Result "1/2-1/2"]
[WhiteTitle "GM"]
[BlackTitle "GM"]
[WhiteElo "2607"]
[BlackElo "2675"]
[WhiteFideId "4107012"]
[BlackFideId "309095"]
[EventDate "2021.08.26"]

1. e4 e5 2. Nf3 Nc6 3. Bc4 Bc5 4. d3 Nf6 5. O-O O-O 6. h3 d6 7. c3 a5 8. Re1 h6
9. Nbd2 Be6 10. Bb5 Bb6 11. Nc4 Ba7 12. Ne3 Ne7 13. Ba4 Ng6 14. Bc2 Re8 15. d4
exd4 16. cxd4 d5 17. e5 Ne4 18. Ng4 c5 19. Be3 Rc8 20. dxc5 h5 21. Ngh2 Bxc5 22.
Nd4 Bxd4 23. Bxd4 Nf4 24. Nf3 Ng5 25. Re3 Nxg2 26. Nxg5 Qxg5 27. Rg3 Qh4 28.
Kxg2 Rxc2 29. Qxc2 Qxd4 30. Rd1 Qf4 31. Qd2 Qe4+ 32. Kg1 Qxe5 33. Qc3 Bd7 34.
Qxe5 Rxe5 35. f4 Re2 36. Rxd5 h4 37. Rb3 Be6 38. Rd8+ Kh7 39. Rxb7 Bxa2 40. f5
Re1+ 41. Kg2 Re5 42. Rbb8 Kh6 43. Rh8+ Kg5 44. Rh7 g6 45. fxg6 fxg6 46. Kf2 Bb1
47. b4 axb4 48. Rxb4 Be4 49. Rd4 Re8 50. Rd1 Rf8+ 51. Ke3 Bg2 52. Rg1 Rf3+ 53.
Ke2 Rg3 54. Kf2 1/2-1/2

[Event "21st ch-EUR Indiv 2021"]
[Site "Reykjavik ISL"]
[Date "2021.09.05"]
[Round "11.8"]
[White "Sargissian, Gabriel"]
[Black "Sanal, Vahap"]
[Result "1/2-1/2"]
[WhiteTitle "GM"]
[BlackTitle "GM"]
[WhiteElo "2682"]
[BlackElo "2557"]
[WhiteFideId "13300881"]
[BlackFideId "6300545"]
[EventDate "2021.08.26"]

1. d4 d5 2. c4 c6 3. Nf3 Nf6 4. e3 Bg4 5. h3 Bh5 6. g4 Bg6 7. Ne5 Nbd7 8. Nxg6
hxg6 9. cxd5 Nxd5 10. Nc3 e6 11. Bg2 g5 12. O-O Be7 13. Bd2 Nf8 14. Qb3 Qb6 15.
Na4 Qxb3 16. axb3 Nd7 17. Rfc1 a6 18. Nc3 N7b6 19. Ne4 Nd7 20. b4 Nxb4 21. Bxb4
Bxb4 22. Nxg5 Ke7 23. Nf3 a5 24. Kf1 Bd6 25. b3 Ra6 26. Ke2 Rha8 27. h4 a4 28.
bxa4 Rxa4 29. Rxa4 Rxa4 30. Rc2 g6 31. h5 gxh5 32. gxh5 Ra5 33. h6 Rh5 34. Rb2
b6 35. Ra2 Bb8 36. Nd2 c5 37. dxc5 bxc5 38. Rb2 Rxh6 39. Rb7 Kd8 40. Ne4 Rg6 41.
Bf3 f5 42. Nxc5 1/2-1/2

[Event "21st ch-EUR Indiv 2021"]
[Site "Reykjavik ISL"]
[Date "2021.09.05"]
[Round "11.12"]
[White "Gabuzyan, Hovhannes"]
[Black "Donchenko, Alexander"]
[Result "1/2-1/2"]
[WhiteTitle "GM"]
[BlackTitle "GM"]
[WhiteElo "2587"]
[BlackElo "2657"]
[WhiteFideId "13303732"]
[BlackFideId "24603295"]
[EventDate "2021.08.26"]

1. e4 c5 2. Nf3 e6 3. d4 cxd4 4. Nxd4 Nc6 5. Nc3 Qc7 6. Be2 Nf6 7. O-O a6 8.
Nxc6 bxc6 9. f4 d5 10. Bd3 Be7 11. Kh1 c5 12. e5 Nd7 13. f5 Nxe5 14. fxe6 Bxe6
15. Bf5 Qd7 16. Bxe6 fxe6 17. Qh5+ Ng6 18. Bg5 Bxg5 19. Qxg5 Rf8 20. b3 Qe7 21.
Qe3 Rf6 22. Rae1 d4 23. Qe4 Rc8 24. Na4 Kf7 25. c3 Qd6 26. Nb2 Rxf1+ 27. Rxf1+
Kg8 28. Nc4 Qc6 29. Qxc6 Rxc6 30. g3 e5 31. Re1 Re6 32. Nd2 Kf7 33. Ne4 Rc6 34.
Rc1 Ne7 35. Rf1+ Ke6 36. c4 h6 37. Rf8 Ng6 38. Rd8 Kf5 39. Nd6+ Ke6 40. Ne4 Kf5
41. Nd6+ Ke6 1/2-1/2

[Event "21st ch-EUR Indiv 2021"]
[Site "Reykjavik ISL"]
[Date "2021.09.05"]
[Round "11.18"]
[White "Grandelius, Nils"]
[Black "Maurizzi, Marc Andria"]
[Result "1-0"]
[WhiteTitle "GM"]
[BlackTitle "IM"]
[WhiteElo "2666"]
[BlackElo "2488"]
[WhiteFideId "1710400"]
[BlackFideId "36083534"]
[EventDate "2021.08.26"]

1. e4 e5 2. Nf3 Nc6 3. Bb5 a6 4. Ba4 Nf6 5. d3 Bc5 6. c3 d6 7. O-O Ba7 8. Re1
O-O 9. h3 h6 10. Nbd2 Ne7 11. d4 Ng6 12. Bc2 Re8 13. Nf1 d5 14. Nxe5 Nxe5 15.
dxe5 Nxe4 16. Bxe4 dxe4 17. Qh5 g6 18. Qxh6 Rxe5 19. Ng3 Qe7 20. Bf4 e3 21. fxe3
Bd7 22. Bxe5 Qxe5 23. Nf1 Bc6 24. Rad1 Re8 25. Qh4 Bc5 26. Rd8 Rxd8 27. Qxd8+
Kg7 28. Qd2 a5 29. b4 Bb6 30. a3 Bd5 31. Nh2 Qg3 32. Nf1 Qe5 33. Kh1 Be4 34. c4
axb4 35. axb4 c5 36. bxc5 Bxc5 37. Kg1 b6 38. Re2 Qg5 39. Rf2 Bc6 40. Qc3+ f6
41. Qd3 Qe5 42. Qd8 f5 43. Ra2 b5 44. cxb5 Bd5 45. Rc2 Bxe3+ 46. Nxe3 Qxe3+ 47.
Kh2 Qe5+ 48. g3 Qe4 49. Rc7+ Bf7 50. Qd2 Kg8 51. Rc8+ Kh7 52. Qb2 1-0

[Event "21st ch-EUR Indiv 2021"]
[Site "Reykjavik ISL"]
[Date "2021.09.05"]
[Round "11.22"]
[White "Can, Emre"]
[Black "Grigorian, Spartak"]
[Result "1-0"]
[WhiteTitle "GM"]
[BlackTitle "IM"]
[WhiteElo "2569"]
[BlackElo "2448"]
[WhiteFideId "6302181"]
[BlackFideId "24661490"]
[EventDate "2021.08.26"]

1. d4 Nf6 2. c4 e6 3. Nf3 d5 4. g3 dxc4 5. Bg2 c5 6. Qa4+ Nc6 7. Ne5 Bd7 8. Nxc6
Qb6 9. Nd2 Bxc6 10. Bxc6+ bxc6 11. dxc5 Bxc5 12. O-O Qb5 13. Qxc4 h5 14. Qc2 h4
15. a4 Qb4 16. Nc4 hxg3 17. hxg3 Bxf2+ 18. Kxf2 Ng4+ 19. Kg1 Rh3 20. Bf4 g5 21.
Bd6 O-O-O 22. Qe4 Qb7 23. Rxf7 1-0

[Event "21st ch-EUR Indiv 2021"]
[Site "Reykjavik ISL"]
[Date "2021.09.05"]
[Round "11.25"]
[White "Vogel, Roven"]
[Black "Ferreira, Jorge Viterbo"]
[Result "1/2-1/2"]
[WhiteTitle "IM"]
[BlackTitle "GM"]
[WhiteElo "2441"]
[BlackElo "2520"]
[WhiteFideId "12908088"]
[BlackFideId "1910850"]
[EventDate "2021.08.26"]

1. d4 Nf6 2. c4 e6 3. Nc3 Bb4 4. e3 b6 5. Bd3 Bb7 6. Ne2 Bxg2 7. Rg1 Bf3 8. Qc2
Nc6 9. Rg3 Bxe2 10. Qxe2 g6 11. Bd2 Nh5 12. Rg2 Qh4 13. O-O-O O-O-O 14. Kb1 Kb8
15. a3 Bxc3 16. Bxc3 Ne7 17. Rc1 f5 18. f3 Rhe8 19. a4 c5 20. Be1 Qf6 21. dxc5
bxc5 22. Bc3 e5 23. a5 Nc6 24. Qd1 Qd6 25. Rd2 Qc7 26. Qa4 Ka8 27. Rcd1 d6 28.
Bf1 Re6 29. f4 e4 30. Be2 Nf6 31. h3 Rb8 32. Rg1 Ng8 33. Qa3 Nge7 34. Qa4 Nb4
35. Bxb4 Rxb4 36. Qe8+ Qc8 37. Qf7 h5 38. Rgd1 Qd7 39. Rd5 Qb7 40. R5d2 Qd7 41.
Rd5 Qb7 42. R5d2 Qd7 43. Rd5 1/2-1/2

[Event "21st ch-EUR Indiv 2021"]
[Site "Reykjavik ISL"]
[Date "2021.09.05"]
[Round "11.28"]
[White "Jones, Gawain C B"]
[Black "Gavrilescu, David"]
[Result "1/2-1/2"]
[WhiteTitle "GM"]
[BlackTitle "IM"]
[WhiteElo "2684"]
[BlackElo "2477"]
[WhiteFideId "409561"]
[BlackFideId "1227190"]
[EventDate "2021.08.26"]

1. Nf3 d5 2. g3 Nf6 3. Bg2 e6 4. O-O Be7 5. c4 O-O 6. d4 dxc4 7. Ne5 Nc6 8. Nxc6
bxc6 9. Na3 Bxa3 10. bxa3 Ba6 11. a4 Qd6 12. Qd2 Rfb8 13. Rd1 c3 14. Qc2 Rb6 15.
e4 Qb4 16. Bf4 Qb2 17. Rac1 Rb4 18. Bxc7 Qxc2 19. Rxc2 Rxa4 20. f3 Bb5 21. Bf1
Rc8 22. Be5 Nd7 23. Bd6 Nb6 24. Bc5 Nd7 25. Bd6 Nb6 26. Bc5 Nd7 27. Be7 Re8 28.
Bd6 Nb6 29. Bc5 Nd7 30. Bd6 Nb6 31. Bc7 Rc8 32. Bxb6 axb6 33. Rxc3 Bxf1 34. Rxf1
Rxd4 35. Rb1 g5 1/2-1/2

[Event "21st ch-EUR Indiv 2021"]
[Site "Reykjavik ISL"]
[Date "2021.09.05"]
[Round "11.38"]
[White "Petrov, Martin"]
[Black "Petkov, Momchil"]
[Result "1/2-1/2"]
[WhiteTitle "IM"]
[BlackTitle "IM"]
[WhiteElo "2521"]
[BlackElo "2443"]
[WhiteFideId "2911086"]
[BlackFideId "2921642"]
[EventDate "2021.08.26"]

1. e4 c5 2. Nf3 d6 3. Bb5+ Nd7 4. c3 Nf6 5. Qe2 a6 6. Ba4 b5 7. Bc2 Bb7 8. d4 e6
9. O-O Be7 10. Re1 Qc7 11. a4 O-O 12. axb5 axb5 13. Rxa8 Rxa8 14. Na3 b4 15. Nb5
Qb8 16. e5 Bxf3 17. gxf3 Ne8 18. dxc5 dxc5 19. Bxh7+ Kxh7 20. Qd3+ Kg8 21. Qxd7
Qd8 22. Qxd8 Rxd8 23. Be3 g6 24. Ra1 Ng7 25. Kf1 Nf5 26. Ke2 c4 27. Nd4 Nxe3 28.
fxe3 bxc3 29. bxc3 Rb8 30. Ra2 Rb1 31. f4 Rc1 32. Nb5 Bh4 33. Kf3 Be1 34. Ra8+
Kg7 35. Rc8 Bxc3 36. Rxc4 Bb2 37. Rb4 Rc2 38. h4 f6 39. Nd4 Bxd4 40. Rb7+ Kf8
41. exd4 fxe5 42. fxe5 Rd2 43. Ke3 Rg2 44. Kf4 Rd2 45. Kg5 Rxd4 46. Rh7 Kg8 47.
Re7 Re4 48. Kf6 Rxh4 49. Rxe6 Kf8 50. Ra6 Rf4+ 51. Ke6 g5 52. Kd7 g4 1/2-1/2

[Event "21st ch-EUR Indiv 2021"]
[Site "Reykjavik ISL"]
[Date "2021.09.03"]
[Round "9.41"]
[White "Stefansson, Vignir Vatnar"]
[Black "Bosiocic, Marin"]
[Result "0-1"]
[WhiteTitle "IM"]
[BlackTitle "GM"]
[WhiteElo "2371"]
[BlackElo "2610"]
[WhiteFideId "2308649"]
[BlackFideId "14507927"]
[EventDate "2021.08.26"]

1. d4 Nf6 2. c4 e6 3. Nf3 b6 4. g3 Ba6 5. b3 Bb4+ 6. Bd2 Be7 7. Nc3 d5 8. cxd5
exd5 9. Bg2 O-O 10. O-O Bb7 11. Ne5 Nbd7 12. Bf4 Re8 13. a3 Nf8 14. b4 Ne6 15.
Be3 Ne4 16. Bxe4 dxe4 17. d5 Bf6 18. Nxf7 Qe7 19. dxe6 Bxc3 20. Rc1 Bf6 21. Qd7
Rac8 22. Rfd1 Qxe6 23. Rxc7 Rxc7 24. Qxc7 Qb3 25. Rd6 Re7 26. Nh6+ gxh6 27. Qb8+
Kf7 28. Rd8 Qe6 29. Rg8 Qd5 30. Rf8+ Kg6 31. h4 Be5 32. Rg8+ Kf5 33. Qf8+ Qf7
34. Qd8 Bc7 0-1